| 000 | 03043cam a2200421 i 4500 | ||
|---|---|---|---|
| 999 |
_c5074 _d5074 |
||
| 001 | ocn950687856 | ||
| 003 | OCoLC | ||
| 005 | 20190320151325.0 | ||
| 008 | 160601t20162016enk b 001 0 eng c | ||
| 010 | _a 2016943358 | ||
| 015 |
_aGBB6F0097 _2bnb |
||
| 016 | 7 |
_a018092191 _2Uk |
|
| 020 |
_a9780198791393 _q(hardback) |
||
| 020 |
_a0198791399 _q(hardback) |
||
| 035 | _a(OCoLC)950687856 | ||
| 040 |
_aYDXCP _beng _erda _cTZ-ArACH |
||
| 042 | _apcc | ||
| 049 | _aTZAA | ||
| 050 | 0 | 0 |
_aKZ6355 _b.M87 |
| 082 | 0 | 4 |
_a341.6/7 _223 |
| 100 | 1 |
_aMurray, Daragh, _eauthor. |
|
| 245 | 1 | 0 |
_aPractitioners' guide to human rights law in armed conflict / _cDaragh Murray ; consultant editors: Dapo Akande, [and four others]. |
| 250 | _aFirst edition. | ||
| 260 |
_aOxford, United Kingdom : _aLondon : _bOxford University Press _bRoyal Institute of International Affairs (Chatham House), _c2016. |
||
| 300 |
_axxxvii, 361 pages ; _c26 cm |
||
| 504 | _aIncludes bibliographical references and index. | ||
| 505 | 0 | _aIntroduction -- Part I. -- Understanding international human rights law -- Identifying, defining, and classifying the activities of armed forces -- The extra-territorial applicability of international human rights law -- The relationship between the law of armed conflict and international human rights law -- Part II. -- Conduct of hostilities and targeting -- Rules of Engagement -- Weapons -- Prisoners of war and internment -- Protection of civilians in the hands of a party to the conflict -- Occupation -- Peace support operations -- Humanitarian assistance -- Air operations -- Maritime warfare -- Cyber operations -- Multinational operations -- Enforcement. | |
| 520 | _a"Although the relationship between international human rights law and the law of armed conflict has been the subject of significant recent academic discussion, there remains a lack of comprehensive guidance in identifying the law applicable to specific situations faced by military forces. Providing guidance for armed forces and practitioners on the detailed application of international human rights law during armed conflict, this book fills that gap. Part 1 of the volume details foundational information relating to international human rights law and human rights institutions, the types of operations that States' armed forces engage in, and how the law of armed conflict and international human rights law apply to regulate different situations. Part 2 provides practical guidance as to the legal regulation of specific situations, including discussion of the conduct of hostilities, detention operations, humanitarian assistance, cyber operations, and investigations"--Publisher's website. | ||
| 650 | 0 | _aWar (International law) | |
| 650 | 0 | _aInternational law and human rights. | |
| 650 | 0 | _aHuman rights. | |
| 650 | 7 |
_aHuman rights. _2fast |
|
| 650 | 7 |
_aInternational law and human rights. _2fast |
|
| 650 | 7 |
_aWar (International law) _2fast |
|
| 650 | 7 |
_aLaw. _2ukslc |
|
| 700 | 1 |
_aAkande, Dapo, _eeditor. |
|
| 942 |
_2lcc _cBOOK |
||